000 02668nam a2200229 b 4500
001 59485
003 ES-SlBCS
005 20230215161028.0
008 960922m19312001sp | ||| ||spa
017 _aM 11325-1958
_bOficina Depósito Legal Madrid
020 _a8423952002
040 _aSpMaBN
_bspa
_cSpMaBN
_erdc
_dES-SlBCS
080 0 _a7(091)
100 1 _aPijoán, José
_d(1881-1963)
_934501
245 1 0 _aSumma Artis
_b: historia general del arte
_cJosé Pijoán
260 _aMadrid :
_bEspasa-Calpe
_c, 1931-2001
300 _a51 v. :
_bil. col. y n. ;
_c28 cm
500 _aVolúmenes correspondientes a distintas ediciones
505 0 _a1. Arte de los pueblos aborígenes 2. Arte del Asia Occidental 3. Arte egipcio 4. Arte griego 5. Arte romano, etrusco y helenístico 6. Arte prehistórico europeo 7. Arte cristiano primitivo. Arte bizantino 8. Arte bárbaro y prerrománico 9. Arte románico 10. Arte precolombiano, mexicano y maya 11. Arte gótico de la Europa Occidental 12. Arte islámico 13. Arte del período humanístico 14. Renacimiento romano y veneciano 15. Arte del Renacimiento en el centro y norte de Europa 16. Arte barroco en Francia, Italia y Alemania 17. Arquitectura y orfebrería españolas del siglo XVI 18. Escultura y rejería españolas del siglo XVI 19. Arte de La India 20. Arte de la China 21. Arte del Japón 22. Pintura medieval española 23. Arte europeo de los siglos XIX y XX 24. Pintura española del siglo XVI 25. Pintura española del siglo XVII 26. Escultura y arquitectura españolas del siglo XVII 27. Arte español del siglo XVIII 28-29. Arte iberoamericano desde la colonización a la independencia 30. Arte portugués 31. El grabado en España (siglos XV-XVIII) 32. El grabado en España (siglos XIX-XX) 33. Pintura británica (1500-1820) 34. Arte europeo y norteamericano del siglo XIX 35. Pintura y escultura españolas del siglo XIX. Arquitectura española (2 v.) 36. Pintura y escultura españolas del siglo XX (1900-1939) 37. Pintura y escultura españolas del siglo XX (1939-1990) 38. Fin de siglo y los primeros "Ismos" del XX (1890-1917) 39. Las vanguardias históricas y sus sombras (1917-1930) 40. Arquitectura española del siglo XX 41. Arquitectura europea y americana después de las vanguardias 42. Cerámica española 43. Arte africano 44. Arte ruso 45. Las artes decorativas en España (2 v.) 46. Las artes decorativas en Europa, pte. 1. Del Renacimiento al Barroco ; pte. 2. Del Neoclasicismo al Art Déco 47. La fotografía en España, de los orígenes al siglo XX 48. El arte posicionado, pintura y escultura fuera de España desde 1929
650 7 _aArte
_vHistoria
_989129
942 _2lcc
_cBK
999 _c456001
_d456001